000 00670nam a2200241 i 4500
001 C2-0126851
003 PPAK
005 20180727115807.0
008 970916s enk |||| ||||| | eng d
020 _a0710500750
040 _aPPAK
_beng
_cPPAK
_erda
082 0 4 _a823
_223
090 0 0 _a823
_bSEW
_dK
100 1 _aSewell, Anna,
_eauthor
245 1 0 _aBlack beauty
264 1 _aBridlington, United Kingdom :
_bPriory Books ,
_c[date of publication not identified]
300 _a174 pages ;
_c13 cm
336 _2rdacontent
_atext
337 _2rdamedia
_aunmediated
338 _2rdacarrier
_avolume
650 1 0 _aChildren's stories, English
942 _ddc
_cB
999 _c37662
_d37662